Normal view
MARC view
Entry Personal Name
001 - CONTROL NUMBER
- control field: 49348
003 - CONTROL NUMBER IDENTIFIER
- control field: ARRUPE
005 - DATE AND TIME OF LATEST TRANSACTION
- control field: 20200204122009.0
008 - FIXED-LENGTH DATA ELEMENTS
- fixed length control field: 200204|| aca||aabn | a|a d
040 ## - CATALOGING SOURCE
- Original cataloging agency: ARRUPE
- Transcribing agency: ARRUPE
100 ## - HEADING--PERSONAL NAME
- Personal name: Barton, D. Plunket
- Fuller form of name: (Dunbar Plunket),
- Titles and other words associated with a name: Sir,
- Dates associated with a name: 1853-1937.
670 ## - SOURCE DATA FOUND
- Source citation: Work cat.: (ARRUPE)0: Barton, D. Plunket (Dunbar Plunket), Sir, 1853-1937., Bernadotte and Napoleon, 1763-1810,, 1921.